| 000 | 00732cab a2200229 4500 | ||
|---|---|---|---|
| 001 | WB3135-22 | ||
| 008 | 090401t1995 xxu||||| |||| 00| 0 eng d | ||
| 035 | _a(Sirsi) u70402 | ||
| 041 | _aeng | ||
| 245 | _aNew chapter begins | ||
| 260 | _c1995 | ||
| 350 | _a0 | ||
| 490 |
_aSunday Telegraph _v17 September 1995, 17(1) |
||
| 490 |
_aIndependent _vWeekend, 23 September 1995, 11(1) |
||
| 520 | _aWinterton House, one of the 1960`s London tower blocks, is being reconstructed with quality in mind. Does this herald the resurection of the high-rise? | ||
| 650 | _aBUILT ENVIRONMENT-CONSTRUCTION DESIGN | ||
| 650 | _aHIGH-RISE FLATS | ||
| 650 | _aWINTERTON HOUSE | ||
| 690 | _aHOUSING | ||
| 942 | _n0 | ||
| 948 | _c04/03/1997 | ||
| 999 |
_c44270 _d44270 |
||